书目信息 |
| 题名: |
旅游保健
|
|
| 作者: | 谢英彪 , 张德杰 主编 | |
| 分册: | ||
| 出版信息: | 上海 上海科学技术出版社 2005 |
|
| 页数: | 169页 | |
| 开本: | 20cm | |
| 丛书名: | ||
| 单 册: | ||
| 中图分类: | R128 | |
| 科图分类: | ||
| 主题词: | 旅游保健 | |
| 电子资源: | ||
| ISBN: | 7-5323-8109-9 | |
| 000 | 01174nam0 2200313 450 | |
| 000 | 01137nam0 2200301 450 | |
| 000 | 01136nam0 2200313 450 | |
| 000 | 01082nam0 2200289 450 | |
| 000 | 01078nam0 2200277 450 | |
| 000 | 01041nam0 2200265 45 | |
| 001 | TS-208713 | |
| 005 | 20061203170057.40 | |
| 010 | @a7-5323-8109-9@dCNY12.00 | |
| 100 | @a20060829d2005 em y0chiy0120 ea | |
| 101 | 0 | @achi |
| 102 | @aCN@b310000 | |
| 105 | @aa z 000yy | |
| 200 | 1 | @a旅游保健@ALu^ You Bao Jian@f谢英彪,张德杰主编@FXie Ying Biao, Zhang De Jie Zhu Bian |
| 210 | @a上海@c上海科学技术出版社@d2005 | |
| 215 | @a169页@d20cm | |
| 330 | @a本书是一部旅游保健的科普读物,从100多个方面介绍了不同人群在不同季节的各类旅游中的保健问题,向旅游者提供增强自我保健能力、预防旅途疾病、医治小病小伤以及遇到意外伤害、突发疾病等开展自救互救的方法。 | |
| 606 | 0 | @a旅游保健 |
| 690 | @aR128@v4 | |
| 701 | 0 | @a谢英彪@AXie Ying Biao@f(1942~)@4主编 |
| 701 | 0 | @a张德杰@AZhang De Jie@c(旅游)@4主编 |
| 801 | 0 | @aCN@b中图数据@c20061203 |
| 905 | @a10447@dR128@e50 | |
| 旅游保健/谢英彪,张德杰主编.-上海:上海科学技术出版社,2005 |
| 169页;20cm |
| ISBN 7-5323-8109-9:CNY12.00 |
| 本书是一部旅游保健的科普读物,从100多个方面介绍了不同人群在不同季节的各类旅游中的保健问题,向旅游者提供增强自我保健能力、预防旅途疾病、医治小病小伤以及遇到意外伤害、突发疾病等开展自救互救的方法。 |
| ● |
| 相关链接 |
|
|
|
|
正题名:旅游保健
索取号:R128/50
 
预约/预借
| 序号 | 登录号 | 条形码 | 馆藏地/架位号 | 状态 | 备注 |
| 1 | 0611418 | 206114186 | 第二样本阅览室/ [索取号:R128/50] | 在馆 | |
| 2 | 0611419 | 206114195 | 第三借阅区/ [索取号:R128/50] | 在馆 | |
| 3 | 0611420 | 206114202 | 第三借阅区/ [索取号:R128/50] | 在馆 |